[Event "Timbo U2400 op"]
[Site "Timbo"]
[Date "2025.02.14"]
[Round "1"]
[White "Kanzler, Karina Daniela Ferr"]
[Black "Linzmeyer, Mateus Gorniak"]
[Result "1-0"]
[WhiteElo "1867"]
[BlackElo "1441"]
[PlyCount "115"]
[EventDate "2025.02.14"]
[EventType "swiss"]
[EventRounds "6"]
[EventCountry "BRA"]
[SourceTitle "CB10_2025"]
[SourceDate "2025.03.05"]
[SourceVersion "1"]
[SourceVersionDate "2025.03.05"]
[SourceQuality "1"]

1. Nf3 d5 2. b3 Nc6 3. Bb2 Bg4 4. h3 Bxf3 5. exf3 e5 6. Bb5 Bd6 7. 0-0 Nge7 8. f4 0-0 9. Qg4 f5 10. Qg3 Rf6 11. fxe5 f4 12. Qf3 Bxe5 13. c3 Qd7 14. d4 Bd6 15. Bd3 Nf5 16. Qxd5+ Kh8 17. Bxf5 Rxf5 18. Qf3 Raf8 19. Nd2 R8f6 20. Ne4 Rg6 21. Rfe1 Kg8 22. Re2 Qd8 23. Rae1 Qh4 24. Nxd6 cxd6 25. Re8+ Kf7 26. Kh2 d5 27. Ba3 Rgf6 28. Rf8+ Kg6 29. Rfe8 Rf7 30. R1e2 Qh5 31. R8e6+ R7f6 32. Qxh5+ Kxh5 33. Bd6 f3 34. g4+ Kg5 35. R2e3 Rxe6 36. Rxe6 Rf6 37. Rxf6 Kxf6 38. Kg3 a6 39. Kxf3 h5 40. Ke3 Kg5 41. Kf3 Nd8 42. Be7+ Kh6 43. Bxd8 hxg4+ 44. Kxg4 b5 45. Kf4 Kh5 46. Ke5 g5 47. Kxd5 Kh4 48. f4 Kxh3 49. fxg5 Kg4 50. g6 Kf3 51. g7 Ke3 52. g8Q Kd2 53. Qg3 Kc2 54. Be7 Kb2 55. Qd3 Kxa2 56. Qc2+ Ka1 57. Ba3 a5 58. Qb2# 1-0